Cultura general por letra - U - Estadísticas

Estadísticas generales
  • Esta prueba ha sido intentada 4.219 veces
    3.008 desde el último reinicio
  • La puntuación promedio es 15 de 20
Estadísticas de respuestas
Pista Respuesta % Correcto
Fruto que se utiliza para hacer vino Uva
99%
Séptimo planeta del Sistema Solar Urano
96%
Instrumento musical de origen hawaiano Ukelele
95%
Animal mítico que es un caballo con un cuerno en la frente Unicornio
95%
País africano cuya capital es Kampala Uganda
92%
Corredor jamaicano, famoso por sus récords en los 100 y 200 metros Usain Bolt
91%
Aplicación de transporte que conecta a conductores y pasajeros Uber
88%
Médico especializado en el sistema urinario y reproductor masculino Urólogo
88%
País que existió entre 1922 y 1991, precursor de Rusia URSS
88%
Héroe griego de La Odisea Ulises
84%
Villana de La Sirenita Úrsula
81%
Sociedad ideal en la que todo es perfecto Utopía
80%
En el mundo de fútbol, lo que sigue Manchester, Newcastle y West Ham United
72%
Montañas que separan Europa de Asia Urales
68%
Ave conocida por su plumaje negro y curiosidad Urraca
67%
Técnica médica que utiliza ondas sonoras para ver el interior del cuerpo Ultrasonido
54%
Agencia de la ONU dedicada a la educación, la ciencia y la cultura UNESCO
48%
Actriz famosa por su papel en Kill Bill Uma Thurman
45%
Idioma hablado principalmente en Pakistán e India Urdu
39%
"La ciudad del fin del mundo" Ushuaia
29%
No se encontraron pruebas coincidentes
Distribución de puntuación
Porcentaje de gente con cada puntuación
Porcentaje por número respondido
Historial de tus puntuaciones
No has intentado esta prueba desde el último reinicio